01362nam a2200289 a 4500001001000000005001700010008004100027041000800068044000800076084002000084100004500104245012100149260003200270300004700302500013500349500013000484500009800614500004800712500001000760546002400770650005200794650005600846650003400902650004500936700004100981740005001022BRCA_318620190320204143.0160209s1687----enk#---###---#000-0#eng-u aeng aenk a487b.H63c16831 aCervantes Saavedra, Miguel ded1547-161610aThe History of the renowned Don Quixote of Mancha and his trusty squire Sancho PanchacMiguel de Cervantes Saavedra. aLondresbTho. Hodgkinc1687 a1 v. (en varias paginaciones)bil.c33 cm. aContenido : Primera parte. Nota en forma de di-logo en vez de epístola. Algunos versos preliminares. Texto. Segunda parte. Texto aEdición : Now Made English According to the Humour of our Modern Language and Adorned with ser. Cooper Plates by J. Philips aEjemplar por completo igual al LO-486. Semipiel; lomera adornada con dorados Lúdovik Osterc aCon ex-libris de : Haughton Charles Okeover aQM401 aTexto en : inglés14aNovela españolayÉpoca clásica, 1500-170014aLiteratura españolayÉpoca clásica, 1500-170014aNovela españolaySiglo XVII14aDon Quijote (Personaje ficticio)eNovela1 aPhillips, Johnd1631-1706eTraductor0 aEl Ingenioso Hidalgo Don Quijote de la Mancha